The perception of welfare inequality (Registro nro. 26906)

Detalles MARC
000 -LEADER
fixed length control field 00367 a2200121 4500
001 - CONTROL NUMBER
control field ART_14136
005 - DATE AND TIME OF LATEST TRANSACTION
control field 20260410161912.0
008 - FIXED-LENGTH DATA ELEMENTS--GENERAL INFORMATION
fixed length control field 260409a
100 1# - MAIN ENTRY--PERSONAL NAME
Personal name Van Praag, Bernard
245 10 - TITLE STATEMENT
Title The perception of welfare inequality
700 1# - ADDED ENTRY--PERSONAL NAME
Personal name Van Batenburg, Paul C.
773 0# - HOST ITEM ENTRY
Title European economic review
Related parts - Vol. 13, Nº 2 (mar. 1980)
Record control number REV13346

No hay ítems disponibles.